| 000 | 00810cam a2200277 a 4500 | ||
|---|---|---|---|
| 008 | |||
| 020 | _a9780415396615 (pbk.) | ||
| 049 | _aMAIN | ||
| 050 | 0 | 0 |
_aP96.S45 _bGAU |
| 100 | 1 | _aGauntlett, David. | |
| 245 | 1 | 0 |
_aMedia, gender and identity : _ban introduction / _cDavid Gauntlett. |
| 250 | _a2nd ed. | ||
| 260 |
_aLondon : _bRoutledge, _c2008. |
||
| 300 |
_axii, 317 p. : _bill. ; _c24 cm. |
||
| 504 | _aIncludes bibliographical references. | ||
| 500 | _aIncludes index. | ||
| 650 | 0 | _aMass media and sex. | |
| 650 | 0 | _aSex differences in mass media. | |
| 650 | 0 | _aSex role in mass media. | |
| 650 | 0 | _aMass media and culture. | |
| 907 |
_a.b10325086 _b16-09-13 _c13-12-12 |
||
| 003 | |||
| 005 | 20230123125511.0 | ||
| 040 | _cNUST | ||
| 942 | _cBOOKS | ||
| 999 |
_c142618 _d142618 |
||